000
00293nam a2200121Ia 4500
005
20251222143246.0
008
251222s9999||||xx |||||||||||||| ||spa||
082
_a
868.94/B22
100
_a
Bandeira, Manuel
245
0
_a
Itinerario de Pasárgada
264
_b
Embajada de Brasil
942
_c
LIB
999
_c
14768
_d
14768